GOOD PHARMACY PRACTICES IN HOSPITAL PHARMACY (Record no. 8214)

MARC details
000 -LEADER
fixed length control field 00470nam a22001817a 4500
005 - DATE AND TIME OF LATEST TRANSACTION
control field 20230128132831.0
008 - FIXED-LENGTH DATA ELEMENTS--GENERAL INFORMATION
fixed length control field 230125b |||||||| |||| 00| 0 eng d
020 ## - INTERNATIONAL STANDARD BOOK NUMBER
ISBN 9789385529092
041 ## - LANGUAGE CODE
Language code of text/sound track or separate title eng
082 ## - DEWEY DECIMAL CLASSIFICATION NUMBER
Classification number 615.1 GUP-D
100 ## - MAIN ENTRY--AUTHOR NAME
Personal name GUPTA ,B.K AND GUPTA ,R.N
245 ## - TITLE STATEMENT
Title GOOD PHARMACY PRACTICES IN HOSPITAL PHARMACY
250 ## - EDITION STATEMENT
Edition statement 1st ed.
260 ## - PUBLICATION, DISTRIBUTION, ETC. (IMPRINT)
Name of publisher VALLABH PRAKASHAN
300 ## - PHYSICAL DESCRIPTION
Number of Pages 152;P.
650 ## - SUBJECT ADDED ENTRY--TOPICAL TERM
Topical Term PHARMACY
General subdivision D. PHARMA
942 ## - ADDED ENTRY ELEMENTS (KOHA)
Koha item type Books
Holdings
Lost status Damaged status Collection code Home library Current library Shelving location Date acquired Source of acquisition Cost, normal purchase price Full call number Accession Number Koha item type
    PHARMACY JRU Library JRU Library Shelf - 27- F 20/01/2023 LOHIA BOOK INTERNATIONAL 150.00 615.1 GUP-D 27389 Books
    PHARMACY JRU Library JRU Library Shelf - 27- F 20/01/2023 LOHIA BOOK INTERNATIONAL 150.00 615.1 GUP-D 27390 Books
    PHARMACY JRU Library JRU Library Shelf - 27- F 20/01/2023 LOHIA BOOK INTERNATIONAL 150.00 615.1 GUP-D 27391 Books
    PHARMACY JRU Library JRU Library Shelf - 27- F 20/01/2023 LOHIA BOOK INTERNATIONAL 150.00 615.1 GUP-D 27392 Books
    PHARMACY JRU Library JRU Library Shelf - 27- F 20/01/2023 LOHIA BOOK INTERNATIONAL 150.00 615.1 GUP-D 27393 Books
    PHARMACY JRU Library JRU Library Shelf - 27- F 20/01/2023 LOHIA BOOK INTERNATIONAL 150.00 615.1 GUP-D 27394 Books
    PHARMACY JRU Library JRU Library Shelf - 27- F 20/01/2023 LOHIA BOOK INTERNATIONAL 150.00 615.1 GUP-D 27395 Books